000 00744nam a22002417a 4500
005 20170124110030.0
010 _aA-001789
020 _c29.00
_a0876921489
035 _aA-001789
037 _bCen Lib/Ret
040 _aDPL
_bEN
082 _a658.3
_bSTR
100 _aStrauss, George
_921522
245 _aPersonnel :
_cby George Strauss [and] Leonard R.Sayles
_bthe human problems of management /
250 _a4th ed
260 _bPrentice-Hall Of India
_c1980
_aNew Delhi
270 _aM-97, Connaught Circus
_bNew Delhi
_e110001
300 _axiv,674p.
_c24cm(Hb)
500 _aIncludes index
650 _aPersonnel management.
_913632
700 _aSayles, Leonard R.
_921523
942 _2ddc
_cEN
_h658.3
_mSTR
999 _c127779
_d127779